Die Brücke, (Record no. 4271)

MARC details
000 -LEADER
fixed length control field 00536cam a22001931 4500
001 - CONTROL NUMBER
control field af 48000921
003 - CONTROL NUMBER IDENTIFIER
control field DLC
005 - DATE AND TIME OF LATEST TRANSACTION
control field 20260227110846.0
008 - FIXED-LENGTH DATA ELEMENTS--GENERAL INFORMATION
fixed length control field 890524s1944 gw 000 1 ger c
010 ## - LIBRARY OF CONGRESS CONTROL NUMBER
LC control number af 48000921
035 ## - SYSTEM CONTROL NUMBER
System control number (OCoLC)19759993
040 ## - CATALOGING SOURCE
Original cataloging agency Illinois. Univ. Library
Transcribing agency CU
Modifying agency CU
-- DLC
042 ## - AUTHENTICATION CODE
Authentication code premarc
050 00 - LIBRARY OF CONGRESS CALL NUMBER
Classification number PT2635.O463
Item number B7
100 2# - MAIN ENTRY--PERSONAL NAME
Personal name Rogge-Börner, Sophie,
Dates associated with a name 1878-1955.
245 14 - TITLE STATEMENT
Title Die Brücke,
Remainder of title Roman zwischen den Ufern.
260 ## - PUBLICATION, DISTRIBUTION, ETC.
Place of publication, distribution, etc. Berlin-Friedenau,
Name of publisher, distributor, etc. P. Lippa,
Date of publication, distribution, etc. 1944.
300 ## - PHYSICAL DESCRIPTION
Extent 334 p.
Dimensions 19 cm.

No items available.

Powered by Koha